Guess the Taylor Swift Collab #1 - Statistics

General Stats
  • This quiz has been taken 12 times
  • The average score is 6 of 8
Answer Stats
Lyric Song % Correct
Do you want to take a skateOn the ice inside my veins? They ripped me off like false lashes And then threw me away The Life of a Showgirl (feat. Sabrina Carpenter)
100%
And the note from the locket, You keep it in your pocket Since I gave to you Run (feat. Ed Sheeran)
89%
I'll paint the kitchen neon, I'll brighten up the sky
I know I'll never get it, there's not a day that I won't try
Soon You'll Get Better (feat. The Chicks)
89%
Is in insensitive for me to say"Get your shit together, So I can love you"? Renegade (feat. Taylor Swift)
78%
That night you were talkin', False prophets and profits They make in the margins Of poetry sonnets us. (feat. Taylor Swift)
78%
I don't hate you, but I hate to critique, overrate you These beats of a dark heart, use basslines to replace you Bad Blood (feat. Kendrick Lamar)
67%
And we know its never simple, Never easy Never a clean break, no one here to save me Breathe (feat. Colbie Caillat)
67%
It's the last thing I wantedIt's the first thing I'd do I tell you my problems And you tell me the truth The Alcott (feat. Taylor Swift)
44%
No matching quizzes found
Score Distribution
Percent of People with Each Score
Percentile by Number Answered
Your Score History
You have not taken this quiz